Perspektivní partner pro české podniky

Hospodársky vývoj Chile. Inflácia a nezamestnanosť v krajine je minimálna. Významné postavenie zahraničného obchodu. Vývoj obchodnej bilancie s ČR.

Salvato in:
Dettagli Bibliografici
Autore principale: Beneš, V.
Natura: Capitolo di libro
Lingua:ceco
Soggetti:
Tags: Aggiungi Tag
Nessun Tag, puoi essere il primo ad aggiungerne!!

MARC

LEADER 00000naa a2200000 4500
001 r025136
005 20230522112518.2
041 0 |a cze 
044 |a CZ 
245 1 0 |a Perspektivní partner pro české podniky  |c V. Beneš 
520 |a Hospodársky vývoj Chile. Inflácia a nezamestnanosť v krajine je minimálna. Významné postavenie zahraničného obchodu. Vývoj obchodnej bilancie s ČR. 
610 2 0 |a hospodárstvo národné 
610 2 0 |a Čile 
610 2 0 |a inflácia 
610 2 0 |a nezamestnanosť 
610 2 0 |a bilancia obchodná 
610 2 0 |a obchod zahraničný 
610 2 0 |a Česko 
100 1 |a Beneš, V.